Le code civil 1804-2004: livre du bicentenaire

Gardado en:
Detalles Bibliográficos
Formato: Libro
Idioma:francés
Publicado: París LexisNexis 2004
Subjects:
Tags: Engadir etiqueta
Sen Etiquetas, Sexa o primeiro en etiquetar este rexistro!

MARC

LEADER 00000nam a2200000 a 4500
001 UCI7812
003 CL-VaPUC
008 080725e20040000FR |||||||||||||||||fre|d
082 0 4 |a 346.44  |b COD  |2 21 
245 1 3 |a Le code civil 1804-2004: livre du bicentenaire 
300 |a 718 p 
942 |c BK 
945 |d 20080725 00:00:00  |a rbrito 
260 |a París  |b LexisNexis  |c 2004 
650 0 |a Código civil francés  |9 405960 
650 0 |a Derecho francés  |9 385145 
650 0 |a Derecho privado  |9 258243 
650 0 |a Derecho comparado  |9 255664 
583 |a last modification  |c 20080725 00:00:00  |k Rodrigo Vera 
999 |c 330954  |d 330952 
952 |0 0  |1 0  |4 0  |6 346_440000000000000_COD_2004  |7 0  |8 A  |9 416959  |a BIBDER  |b BIBDER  |d 2019-11-22  |i 4464427  |o 346.44 COD 2004  |p 4464427  |r 2023-01-25  |w 2019-11-22  |y BK  |k DER